Statistics for All Rainbow Six Siege Operators

Click here to take the quiz!

General Stats

  • This quiz has been taken 245 times
    (197 since last reset)
  • The average score is 45 of 54

Answer Stats

OrganizationOperator% Correct
SpetznazGlaz
94%
SpetznazFuze
93%
FBI SwatAsh
92%
G.S.G.9.Blitz
92%
G.S.G.9.Jager
92%
SpetznazKapkan
92%
SpetznazTachanka
92%
US Navy SealsBlackbeard
91%
G.I.G.N.Doc
91%
S.A.S.Mute
91%
S.A.S.Sledge
91%
S.A.S.Smoke
91%
G.I.G.N.Rook
90%
G.S.G.9.Bandit
89%
G.S.G.9.IQ
89%
FBI SwatPulse
89%
FBI SwatCastle
88%
FBI SwatThermite
88%
G.I.G.N.Twitch
88%
G.I.G.N.Montagne
87%
J.T.F.2.Buck
84%
J.T.F.2.Frost
84%
G.R.O.M.Zofia
84%
S.A.T.Echo
83%
G.E.O.Mira
83%
S.A.S.Thatcher
83%
B.O.P.E.Capitao
82%
G.R.O.M.Ela
82%
G.E.O.Jackal
82%
US Navy SealsValkyrie
82%
707th SMBVigil
82%
B.O.P.E.Caveira
81%
SpetznazFinka
81%
NightHavenKali
81%
G.I.G.N.Lion
81%
S.D.U.Ying
81%
US Secret ServiceWarden
80%
S.A.S.R.Gridlock
79%
S.A.T.Hibana
79%
S.D.U.Lesion
79%
S.A.S.R.Mozzie
79%
A.P.C.A.Amaru
78%
R.E.U.Iana
77%
Jaeger CorpsNokk
77%
707th SMBDokkaebi
75%
F.E.S.Goyo
75%
G.I.G.R.Nomad
75%
NightHavenWamai
75%
M.P.S.Clash
73%
G.I.G.R.Kaid
73%
G.I.S.Maestro
72%
UNAFFILIATEDOryx
72%
G.I.S.Alibi
71%
The UnitMaverick
71%

Score Distribution

Percentile by Number Answered

Percent of People with Each Score

Your Score History

You have not taken this quiz since the last reset